|
|
|
|
| LEADER |
00000cam a2200000 c 4500 |
| 001 |
1158489250 |
| 003 |
DE-627 |
| 005 |
20260413140405.0 |
| 007 |
tu |
| 008 |
001204s2001 gw ||||| 00| ||ger c |
| 035 |
|
|
|a (DE-627)1158489250
|
| 035 |
|
|
|a (DE-576)088489256
|
| 035 |
|
|
|a (DE-599)BSZ088489256
|
| 035 |
|
|
|a (OCoLC)1417153207
|
| 035 |
|
|
|a (OCoLC)1078746640
|
| 035 |
|
|
|a (OCoLC)1083796830
|
| 040 |
|
|
|a DE-627
|b ger
|c DE-627
|e rda
|
| 041 |
|
|
|a ger
|
| 044 |
|
|
|c XA-DE
|
| 084 |
|
|
|a 09
|a 13
|2 sdnb
|
| 084 |
|
|
|a 6,24
|a 1
|a 0
|2 ssgn
|
| 084 |
|
|
|a FB 4031
|2 rvk
|0 (DE-625)rvk/29949:
|
| 084 |
|
|
|a NH 6850
|2 rvk
|0 (DE-625)rvk/125753:
|
| 084 |
|
|
|a FB 5001
|2 rvk
|0 (DE-625)rvk/30025:
|
| 084 |
|
|
|a LG 6600
|2 rvk
|0 (DE-625)rvk/92160:
|
| 084 |
|
|
|a 15.27
|2 bkl
|
| 090 |
|
|
|a a
|
| 100 |
1 |
|
|e VerfasserIn
|0 (DE-588)122847083
|0 (DE-627)082190615
|0 (DE-576)293444447
|4 aut
|a Rosenberger, Veit
|d 1963-2016
|
| 109 |
|
|
|a Rosenberger, Veit 1963-2016
|
| 245 |
1 |
0 |
|a Griechische Orakel
|b eine Kulturgeschichte
|c Veit Rosenberger
|
| 264 |
|
1 |
|a Darmstadt
|b WBG
|c [2001]
|
| 264 |
|
4 |
|c © 2001
|
| 300 |
|
|
|a 213 Seiten
|b Illustrationen
|
| 336 |
|
|
|a Text
|b txt
|2 rdacontent
|
| 337 |
|
|
|a ohne Hilfsmittel zu benutzen
|b n
|2 rdamedia
|
| 338 |
|
|
|a Band
|b nc
|2 rdacarrier
|
| 583 |
1 |
|
|a Archivierung/Langzeitarchivierung gewährleistet
|c 20211025
|f SLG
|x XA-DE-BW
|z Buchnachlass
|2 pdager
|5 DE-25
|
| 583 |
1 |
|
|a Archivierung/Langzeitarchivierung gewährleistet
|c 20211220
|f SLG
|x XA-DE-BW
|z Provenienz
|2 pdager
|5 DE-25
|
| 583 |
1 |
|
|a Archivierung/Langzeitarchivierung gewährleistet
|f SSG
|x XA-DE-BW
|2 pdager
|5 DE-21
|
| 583 |
1 |
|
|a Archivierung/Langzeitarchivierung gewährleistet
|f SSG
|x XA-DE-BW
|2 pdager
|5 DE-16-77
|
| 601 |
|
|
|a Griechisch
|
| 601 |
|
|
|a Kulturgeschichte
|
| 689 |
0 |
0 |
|d g
|0 (DE-588)4093976-5
|0 (DE-627)10481408X
|0 (DE-576)209303867
|2 gnd
|a Griechenland
|g Altertum
|
| 689 |
0 |
1 |
|d s
|0 (DE-588)4043694-9
|0 (DE-627)106208624
|0 (DE-576)209057114
|2 gnd
|a Orakel
|
| 689 |
0 |
|
|5 (DE-627)
|
| 689 |
1 |
0 |
|d g
|0 (DE-588)4093976-5
|0 (DE-627)10481408X
|0 (DE-576)209303867
|2 gnd
|a Griechenland
|g Altertum
|
| 689 |
1 |
1 |
|d s
|0 (DE-588)4043694-9
|0 (DE-627)106208624
|0 (DE-576)209057114
|2 gnd
|a Orakel
|
| 689 |
1 |
|
|5 (DE-627)
|
| 856 |
4 |
2 |
|u http://www.gbv.de/dms/bs/toc/323998976.pdf
|x Verlag
|z kostenfrei
|3 Inhaltsverzeichnis
|7 0
|
| 935 |
|
|
|a mteo
|
| 935 |
|
|
|i sf
|
| 936 |
r |
v |
|a FB 4031
|b griechisch
|k Klassische Philologie. Byzantinistik. Mittellateinische und Neugriechische Philologie. Neulatein
|k Altertumskunde
|k Religion
|k griechisch
|0 (DE-627)1270770403
|0 (DE-625)rvk/29949:
|0 (DE-576)200770403
|
| 936 |
r |
v |
|a NH 6850
|b Religions- und Geistesgeschichte
|k Geschichte
|k Griechisch-römische Geschichte
|k Griechische Geschichte
|k Teilbereiche der griechischen Geschichte
|k Religions- und Geistesgeschichte
|0 (DE-627)1271456478
|0 (DE-625)rvk/125753:
|0 (DE-576)201456478
|
| 936 |
r |
v |
|a FB 5001
|b Allgemeines
|k Klassische Philologie. Byzantinistik. Mittellateinische und Neugriechische Philologie. Neulatein
|k Klassische Literaturen i.a. (Griechisch und Latein umfassende Arbeiten)
|k Allgemeines
|0 (DE-627)1270770985
|0 (DE-625)rvk/30025:
|0 (DE-576)200770985
|
| 936 |
r |
v |
|a LG 6600
|b Religionsgeschichtliche Untersuchungen (archäolog.Bezug)
|k Klassische Archäologie
|k Antike Kunst und Kultur
|k Mythos und Religion
|k Religionsgeschichtliche Untersuchungen (archäolog.Bezug)
|0 (DE-627)1271517213
|0 (DE-625)rvk/92160:
|0 (DE-576)201517213
|
| 936 |
b |
k |
|a 15.27
|j Griechische Welt
|x Alte Geschichte
|q coli-conc RVK->BK
|q https://coli-conc.gbv.de/api/mappings/f8edec6d-4be4-4ffe-8edb-0b18602ffce7
|0 (DE-627)106419781
|
| 951 |
|
|
|a BO
|
| ELC |
|
|
|b 1
|
| ITA |
|
|
|a 1
|t 1
|
| LOK |
|
|
|0 000 xxxxxcx a22 zn 4500
|
| LOK |
|
|
|0 001 2387614291
|
| LOK |
|
|
|0 003 DE-627
|
| LOK |
|
|
|0 004 1158489250
|
| LOK |
|
|
|0 005 20010810000000
|
| LOK |
|
|
|0 008 010502||||||||||||||||ger|||||||
|
| LOK |
|
|
|0 040
|a DE-21
|c DE-627
|d DE-21
|
| LOK |
|
|
|0 852
|a DE-21
|
| LOK |
|
|
|0 852 1
|c 41 A 5726
|9 00
|
| LOK |
|
|
|0 938
|l 26
|8 2
|
| LOK |
|
|
|0 939
|a 2001-05-02
|b l01
|
| LOK |
|
|
|0 000 xxxxxcx a22 zn 4500
|
| LOK |
|
|
|0 001 2387614313
|
| LOK |
|
|
|0 003 DE-627
|
| LOK |
|
|
|0 004 1158489250
|
| LOK |
|
|
|0 005 20100406120307
|
| LOK |
|
|
|0 008 050819||||||||||||||||ger|||||||
|
| LOK |
|
|
|0 040
|a DE-21-32a
|c DE-627
|d DE-21-32a
|
| LOK |
|
|
|0 541
|e 25796
|
| LOK |
|
|
|0 852
|a DE-21-32a
|
| LOK |
|
|
|0 852 1
|c G 333 ag
|m p
|9 00
|
| LOK |
|
|
|0 935
|a k32a
|
| LOK |
|
|
|0 938
|k p
|
| LOK |
|
|
|0 939
|a 2005-08-19
|b l01
|
| LOK |
|
|
|0 000 xxxxxcx a22 zn 4500
|
| LOK |
|
|
|0 001 238761433X
|
| LOK |
|
|
|0 003 DE-627
|
| LOK |
|
|
|0 004 1158489250
|
| LOK |
|
|
|0 005 20100408182630
|
| LOK |
|
|
|0 008 020408||||||||||||||||ger|||||||
|
| LOK |
|
|
|0 040
|a DE-21-35
|c DE-627
|d DE-21-35
|
| LOK |
|
|
|0 541
|e 02/223
|
| LOK |
|
|
|0 852
|a DE-21-35
|
| LOK |
|
|
|0 852 1
|c Fa 4.54
|m p
|9 00
|
| LOK |
|
|
|0 938
|k p
|
| LOK |
|
|
|0 938
|l K4
|8 0
|
| LOK |
|
|
|0 939
|a 2002-04-08
|b l01
|
| LOK |
|
|
|0 000 xxxxxcx a22 zn 4500
|
| LOK |
|
|
|0 001 2387614356
|
| LOK |
|
|
|0 003 DE-627
|
| LOK |
|
|
|0 004 1158489250
|
| LOK |
|
|
|0 005 20100407124732
|
| LOK |
|
|
|0 008 030612||||||||||||||||ger|||||||
|
| LOK |
|
|
|0 040
|a DE-21-45
|c DE-627
|d DE-21-45
|
| LOK |
|
|
|0 541
|e 42380
|
| LOK |
|
|
|0 852
|a DE-21-45
|
| LOK |
|
|
|0 852 1
|c M 7035
|m p
|9 00
|
| LOK |
|
|
|0 935
|a i045
|a k045
|
| LOK |
|
|
|0 938
|k p
|
| LOK |
|
|
|0 939
|a 2003-06-12
|b l01
|
| LOK |
|
|
|0 000 xxxxxcx a22 zn 4500
|
| LOK |
|
|
|0 001 4426797047
|
| LOK |
|
|
|0 003 DE-627
|
| LOK |
|
|
|0 004 1158489250
|
| LOK |
|
|
|0 005 20231218173036
|
| LOK |
|
|
|0 008 231205||||||||||||||||ger|||||||
|
| LOK |
|
|
|0 040
|a DE-Tue135
|c DE-627
|d DE-Tue135
|
| LOK |
|
|
|0 092
|o n
|
| LOK |
|
|
|0 852
|a DE-Tue135
|
| LOK |
|
|
|0 852 1
|9 00
|
| LOK |
|
|
|0 935
|a hdsa
|
| LOK |
|
|
|0 939
|a 2023-12-05
|b l01
|
| ORI |
|
|
|a TA-MARC-ixtheoa001.raw
|
| REL |
|
|
|a 1
|
| STA |
0 |
0 |
|a Oracle,Oracle
|
| STB |
0 |
0 |
|a Oracle,Oracle
|
| STC |
0 |
0 |
|a Oráculo,Oráculo
|
| STD |
0 |
0 |
|a Oracolo,Oracolo
|
| STE |
0 |
0 |
|a 神谕
|
| STF |
0 |
0 |
|a 神諭
|
| STG |
0 |
0 |
|a Oráculo,Oráculo
|
| STH |
0 |
0 |
|a Оракул (мотив),Оракул
|
| STI |
0 |
0 |
|a Μαντείο <μοτίβο>,Μαντείο,Χρησμός,Χρησμός (μοτίβο)
|
| SUB |
|
|
|a REL
|
| SYG |
0 |
0 |
|a Elliniki Dimokratia,Basileion tēs Hellados,Yunanistan,République Hellénique,Ellada,Greece,Vasilion tis Ellados,Hellenic Republic,Grèce,Royaume de Grèce,Elli̲niki̲ Di̲mokratia,Hellēnikē Demokratia,Elli̱niki̱ Di̱mokratia,Vasileion ti̲s Ellados,Hellas,Ellas,Ellēnikē Dēmokratia,Hellēnikē Dēmokratia,Hellenische Republik,Griechenland , Elliniki Dimokratia,Basileion tēs Hellados,Yunanistan,République Hellénique,Ellada,Greece,Vasilion tis Ellados,Hellenic Republic,Grèce,Royaume de Grèce,Elli̲niki̲ Di̲mokratia,Hellēnikē Demokratia,Elli̱niki̱ Di̱mokratia,Vasileion ti̲s Ellados,Hellas,Ellas,Ellēnikē Dēmokratia,Hellēnikē Dēmokratia,Hellenische Republik,Griechenland
|